| 000 | 00987 a2200217 4500 | ||
|---|---|---|---|
| 001 | 22386 | ||
| 005 | 20260407155515.0 | ||
| 008 | 260407a1971 arg spa d | ||
| 003 | AR-UNSa-BCEJYS | ||
| 040 |
_aAR-UNSa-BCEJYS _bspa _cAR-UNSa-BCEJYS |
||
| 080 |
_a336.2 _xIngresos públicos (Derecho tributario) |
||
| 245 | 1 | 0 |
_aEl hecho imponible _pteoría general del derecho tributario sustantivo |
| 250 | _a2a. ed | ||
| 264 | 1 |
_aBuenos Aires : _bAbeledo Perrot _c1971 |
|
| 300 |
_axxiv, 238 p. _c23 cm. |
||
| 505 | _a1. El derecho tributario sustantivo y su autonomía estructural - 2. El hecho imponible y la autonomía dogmática del derecho tributario sustantivo - 3. La atribución del hecho imponible a los sujetos pasivos y los momentos de vinculación con el sujeto activo | ||
| 942 | _cBK | ||
| 590 | _aniveau_biblio:m niveau_hierar:0 | ||
| 100 | 1 | _aJarach, Dino | |
| 856 | 4 | 1 |
_uhttps://biblioeco.unsa.edu.ar/pmb/images/libros/El Hecho Imponible.jpg _yImagen de portada _qimage/jpeg |
| 999 |
_c1002 _d1002 |
||